Hacking exposed windows 2000: Network sercurity secrects and solutions (0 07 219262 3)

Wedi'i Gadw mewn:
Manylion Llyfryddiaeth
Prif Awdur: Joel Scambray
Fformat: Llyfr
Iaith:Undetermined
Cyhoeddwyd: McGraw-Hill 2001
Tagiau: Ychwanegu Tag
Dim Tagiau, Byddwch y cyntaf i dagio'r cofnod hwn!
Thư viện lưu trữ: Trung tâm Học liệu Trường Đại học Cần Thơ
LEADER 00459nam a2200145Ia 4500
001 CTU_49626
008 210402s9999 xx 000 0 und d
082 |a 005.43769 
082 |b S283 
100 |a Joel Scambray 
245 0 |a Hacking exposed windows 2000: Network sercurity secrects and solutions (0 07 219262 3) 
245 0 |c Joel Scambray, STUART MCCLURE 
260 |b McGraw-Hill 
260 |c 2001 
980 |a Trung tâm Học liệu Trường Đại học Cần Thơ